[Event "ch-NED Rapid 2015"]
[Site "Amstelveen NED"]
[Date "2015.10.04"]
[Round "6.2"]
[White "Spoelman, Wouter"]
[Black "Giri, Anish"]
[Result "1/2-1/2"]
[WhiteTitle "GM"]
[BlackTitle "GM"]
[WhiteElo "2583"]
[BlackElo "2798"]
[WhiteFideId "1010891"]
[BlackFideId "24116068"]
[EventDate "2015.10.04"]
[EventType "rapid"]

1. c4 c6 2. d4 d5 3. Nf3 Nf6 4. e3 Bg4 5. Nc3 e6 6. h3 Bh5 7. g4 Bg6 8. Ne5 Nbd7
9. Nxg6 hxg6 10. a3 g5 11. c5 Be7 12. b4 e5 13. Bg2 Qc7 14. O-O Nf8 15. f4 gxf4
16. exf4 exd4 17. Ne2 a5 18. f5 d3 19. Nd4 axb4 20. Bf4 Qd8 21. Re1 Rxa3 22.
Rxa3 bxa3 23. Bd6 Ng8 24. Qxd3 a2 25. Qa3 Kd7 26. Qa7 Bxd6 27. cxd6 Kxd6 28.
Qxb7 Ne7 29. Rc1 Nd7 30. Qb4+ c5 31. Nb5+ Kc6 32. Na7+ Kc7 33. Qa5+ Kb8 34. Qxa2
Rh6 35. Nb5 Nc6 36. Qxd5 Qe7 37. Qd2 Nde5 38. Rb1 Nb4 39. Rd1 Nbc6 40. Qb2 Nc4
41. Qc3 Qe3+ 42. Qxe3 Nxe3 43. Rc1 Nxg2 44. Kxg2 Kb7 45. g5 Rh5 46. Nd6+ Kb6 47.
Nxf7 Nd4 48. f6 gxf6 49. g6 Ne6 50. Rf1 f5 51. Kg3 Kc6 52. h4 Kd7 53. Re1 c4 54.
Ne5+ Ke7 55. Nxc4 Kf6 56. Nd6 Ng7 57. Ne8+ Nxe8 58. Rxe8 1/2-1/2

[Event "ch-NED Rapid 2015"]
[Site "Amstelveen NED"]
[Date "2015.10.04"]
[Round "6.3"]
[White "Nijboer, Friso"]
[Black "Lai, Hing Ting"]
[Result "0-1"]
[WhiteTitle "GM"]
[BlackTitle "FM"]
[WhiteElo "2559"]
[BlackElo "2334"]
[WhiteFideId "1000063"]
[BlackFideId "1038257"]
[EventDate "2015.10.04"]
[EventType "rapid"]

1. e4 c6 2. d4 d5 3. e5 Bf5 4. Nf3 e6 5. Be2 c5 6. Be3 cxd4 7. Nxd4 Ne7 8. c4
Nbc6 9. Qa4 Qd7 10. Nb5 Ng6 11. N1c3 dxc4 12. Rd1 Qc8 13. Nd6+ Bxd6 14. exd6 O-O
15. Qxc4 Nge5 16. Qf4 Rd8 17. O-O b6 18. g4 Bg6 19. Qg3 Nd7 20. Bf3 Rb8 21. Rd2
Nce5 22. Be2 Nc4 23. Bxc4 Qxc4 24. Rfd1 a6 25. f4 Nf6 26. f5 exf5 27. gxf5 Bxf5
28. Bd4 Nh5 29. Qf3 Bg6 30. Nd5 Kh8 31. Ne7 Rd7 32. Qg4 Nf6 33. Qf4 Qe6 34. Bxf6
gxf6 35. Qg3 Rbd8 0-1

[Event "ch-NED Rapid 2015"]
[Site "Amstelveen NED"]
[Date "2015.10.04"]
[Round "6.4"]
[White "Reinderman, Dimitri"]
[Black "Smeets, Jan"]
[Result "0-1"]
[WhiteTitle "GM"]
[BlackTitle "GM"]
[WhiteElo "2592"]
[BlackElo "2614"]
[WhiteFideId "1001302"]
[BlackFideId "1007246"]
[EventDate "2015.10.04"]
[EventType "rapid"]

1. c4 c6 2. Nf3 d5 3. g3 Nf6 4. Bg2 a6 5. Qc2 g6 6. b3 Bg7 7. Bb2 O-O 8. O-O Bg4
9. d4 Nbd7 10. Nbd2 Bf5 11. Qc1 Rc8 12. Nh4 Bg4 13. f3 Be6 14. e4 Ne8 15. f4
dxe4 16. Nxe4 Bf5 17. Nxf5 gxf5 18. Ng5 Ndf6 19. Qc2 e6 20. Rad1 Nd6 21. Qe2 Re8
22. Rfe1 Qa5 23. Qc2 Rcd8 24. Bc3 Qc7 25. Qd3 h6 26. Nf3 Nde4 27. Ba1 c5 28. Ne5
cxd4 29. g4 Nc3 30. gxf5 Nxd1 31. Rxd1 Nh5 32. Qf3 Nxf4 33. Nd3 Nxg2 34. Qxg2
exf5 35. Rf1 Rd6 36. Nf4 Re4 37. Kh1 Qc6 38. Nd5 Rg6 39. Qf2 Qe6 40. Nf4 Rxf4
41. Qxf4 Qe4+ 42. Qf3 d3 43. Bxg7 Kxg7 44. h3 d2 0-1

[Event "ch-NED Rapid 2015"]
[Site "Amstelveen NED"]
[Date "2015.10.04"]
[Round "7.1"]
[White "Smeets, Jan"]
[Black "Van Wely, Loek"]
[Result "1-0"]
[WhiteTitle "GM"]
[BlackTitle "GM"]
[WhiteElo "2614"]
[BlackElo "2632"]
[WhiteFideId "1007246"]
[BlackFideId "1000268"]
[EventDate "2015.10.04"]
[EventType "rapid"]

1. e4 c5 2. Nf3 d6 3. Bb5+ Nd7 4. d4 cxd4 5. Qxd4 a6 6. Bxd7+ Bxd7 7. c4 Rc8 8.
Nc3 e6 9. O-O Qc7 10. Nd2 Ne7 11. b3 Nc6 12. Qe3 Be7 13. Bb2 O-O 14. Qg3 g6 15.
Rad1 Rfd8 16. Nf3 Ne5 17. Nd4 Qb6 18. Nf5 Bf8 19. Ne3 Bg7 20. Rd2 Bc6 21. Rfd1
Qc5 22. Nb1 Bxe4 23. Ba3 Qa5 24. Bxd6 Bxb1 25. b4 Qa3 26. Bxe5 Rxd2 27. Rxd2
Qxb4 28. Rd1 Bxe5 29. Qxe5 h5 30. g4 h4 31. Kg2 Bxa2 32. Rd4 Bb1 33. g5 h3+ 34.
Kg3 Qe1 35. Rh4 Qg1+ 36. Kf3 Qh1+ 37. Ke2 Bd3+ 38. Kxd3 Rd8+ 39. Ke2 1-0

[Event "ch-NED Rapid 2015"]
[Site "Amstelveen NED"]
[Date "2015.10.04"]
[Round "7.2"]
[White "Lai, Hing Ting"]
[Black "Reinderman, Dimitri"]
[Result "1/2-1/2"]
[WhiteTitle "FM"]
[BlackTitle "GM"]
[WhiteElo "2334"]
[BlackElo "2592"]
[WhiteFideId "1038257"]
[BlackFideId "1001302"]
[EventDate "2015.10.04"]
[EventType "rapid"]

1. Nf3 f5 2. g3 Nf6 3. Bg2 g6 4. O-O Bg7 5. d4 O-O 6. b3 d6 7. Bb2 Ne4 8. Nbd2
Nc6 9. Ne1 Ng5 10. Nc4 d5 11. Ne5 Nxe5 12. dxe5 c6 13. Nd3 Rb8 14. c4 e6 15. Qc2
b6 16. a4 c5 17. Rfd1 d4 18. b4 Qc7 19. bxc5 bxc5 20. Ba3 Ne4 21. Bxe4 fxe4 22.
Nxc5 Qxe5 23. Qxe4 Qf6 24. Nd3 Bb7 25. Qf4 Qxf4 26. gxf4 Rf7 27. Rab1 Rc8 28.
Nc5 Bc6 29. Nxe6 Bxa4 30. Rd2 Bf6 31. c5 Rd7 32. Rb4 Bc6 33. Nxd4 a5 34. Rc4 Bb5
35. c6 Rxd4 36. Rcxd4 Bxd4 37. Rxd4 Bxe2 38. Ra4 Rxc6 39. Rxa5 Bf3 40. h3 Rc3
41. Bb2 Rb3 42. Bd4 Be4 1/2-1/2

[Event "ch-NED Rapid 2015"]
[Site "Amstelveen NED"]
[Date "2015.10.04"]
[Round "7.3"]
[White "Giri, Anish"]
[Black "Nijboer, Friso"]
[Result "1-0"]
[WhiteTitle "GM"]
[BlackTitle "GM"]
[WhiteElo "2798"]
[BlackElo "2559"]
[WhiteFideId "24116068"]
[BlackFideId "1000063"]
[EventDate "2015.10.04"]
[EventType "rapid"]

1. e4 d6 2. d4 Nf6 3. Nd2 e5 4. c3 Be7 5. Ngf3 exd4 6. cxd4 O-O 7. Bd3 c5 8. O-O
cxd4 9. Nxd4 Nc6 10. Nxc6 bxc6 11. Qc2 Bb7 12. Nf3 Nd7 13. Rd1 Bf6 14. Bf4 Ne5
15. Nxe5 Bxe5 16. Bxe5 dxe5 17. Qc5 Re8 18. Bc4 Qe7 19. Rd6 Rad8 20. Rxd8 Qxd8
21. Qxa7 Qd4 1-0

[Event "ch-NED Rapid 2015"]
[Site "Amstelveen NED"]
[Date "2015.10.04"]
[Round "7.4"]
[White "Klein, David"]
[Black "Spoelman, Wouter"]
[Result "1/2-1/2"]
[WhiteTitle "GM"]
[BlackTitle "GM"]
[WhiteElo "2509"]
[BlackElo "2583"]
[WhiteFideId "1003623"]
[BlackFideId "1010891"]
[EventDate "2015.10.04"]
[EventType "rapid"]

1. e4 c5 2. Nf3 d6 3. d4 cxd4 4. Nxd4 Nf6 5. Nc3 a6 6. Be3 e5 7. Nf3 Be7 8. Bc4
O-O 9. O-O Nc6 10. Bb3 Na5 11. Bg5 Be6 12. Bxf6 Bxf6 13. Nd5 Bg5 14. Qd3 Rc8 15.
Rad1 Nxb3 16. axb3 Bxd5 17. Qxd5 Rxc2 18. Qxb7 Rxb2 19. Rd3 a5 20. Nxe5 a4 21.
Nc4 Rxb3 22. Rxb3 axb3 23. Qxb3 d5 24. exd5 Qxd5 25. Rd1 Qe6 26. g3 Rc8 27. Na5
Qf5 28. Qd5 Qxd5 1/2-1/2